El azul de la Virgen (Registro nro. 8645)

Detalles MARC
000 -LIDER
fixed length control field 00792nam a2200277 4500
001 - NÚMERO DE CONTROL
Identificador de número de control 902448
003 - IDENTIFICACDOR DE NÚMERO DE CONTROL
control field DO-SdBNP
005 - DATE AND TIME OF LATEST TRANSACTION
control field 20151202111945.0
007 - CAMPOS FIJOS DE DESCRIPCIÓN FÍSICA
fixed length control field 902448
008 - ELEMENTOS DE LONGITUD FIJA
fixed length control field 031209s2003 sp | ||| ||spa
016 7# - NO. DE CONTROL DE LA AGENCIA BIB. NACIONAL
Source BPMSU
020 ## - ISBN
International Standard Book Number 8420400246
040 ## - FUENTE DE CATALOGACIÓN
Agencia que crea de manera original el registro BPMSU
Idioma de catalogación spa
Agencia que realiza la transcripción BPMSU
041 1# - CÓDIGOS DE OBRAS TRADUCIDAS O EN VARIOS IDIOMAS
Código del idioma del texto/archivo de sonido o separata spa
092 ## - LOCALLY ASSIGNED DEWEY DECIMAL CALL NUMBER
Número de clasificación 823.914
Número de ítem (Cutter) C527a
100 1# - ASIENTO PRINCIPAL -- NOMBRE PERSONAL
Nombre personal Chevalier, Tracy
Fechas asociadas con el nombre 1962-
240 14 - TITULO UNIFORME
Título uniforme The virgin blue
Idioma de una obra Español
245 13 - MENCIÓN DE TITULO
Título El azul de la Virgen
Mención de responsabilidad Tracy Chevalier ; traducción de José Luis López Muñoz
260 ## - PUBLICACIÓN, DISTRIBUCIÓN, ETC. (PIE DE IMPRENTA)
Lugar de publicación, distribución, etc Madrid :
Nombre del editor, distribuidor, etc. Alfaguara,
Fecha de publicación, distribución, etc 2003
300 ## - DESCRIPCIÓN FÍSICA
Extensión 350 p.:
Dimensiones 23 cm.
650 ## - ENCABEZAMIENTO DE MATERIA--TEMÁTICO
Término temático o nombre geográfico como elemento de entrada NOVELA ESTADOUNIDENSE
650 ## - ENCABEZAMIENTO DE MATERIA--TEMÁTICO
Término temático o nombre geográfico como elemento de entrada LITERATURA ESTADOUNIDENSE
700 12 - ASIENTO SECUNDARIO -- NOMBRE PERSONAL
Nombre personal López Muñoz, José López.
Mención de responsabilidad trad.
942 ## - ADDED ENTRY ELEMENTS (KOHA)
Source of classification or shelving scheme Dewey Decimal Classification
Koha item type Libros
956 ## - LOCAL ELECTRONIC LOCATION AND ACCESS (OCLC)
Nombre de host VMATEO
Método de acceso 10
Materiales especificados 20151111
Enlace BPMSU
Campo enlazado y núm. de secuencia 00151
Existencias
Withdrawn status Lost status Source of classification or shelving scheme Damaged status Not for loan Collection code Home library Current library Date acquired Source of acquisition Total Checkouts Full call number Barcode Date last seen Price effective from Koha item type
    Dewey Decimal Classification       Biblioteca Pública Metropolitana Salomé Ureña Biblioteca Pública Metropolitana Salomé Ureña 11/11/2015 FUNDI   823.914 C527a BPMSU15110196 11/11/2015 11/11/2015 Libros